<?xml version="1.0" encoding="UTF-8"?>
<record
    xmlns:xsi="http://www.w3.org/2001/XMLSchema-instance"
    xsi:schemaLocation="http://www.loc.gov/MARC21/slim http://www.loc.gov/standards/marcxml/schema/MARC21slim.xsd"
    xmlns="http://www.loc.gov/MARC21/slim">

  <leader>00499nam a22001937a 4500</leader>
  <controlfield tag="008">190305b        xxu||||| |||| 00| 0 eng d</controlfield>
  <datafield tag="020" ind1=" " ind2=" ">
    <subfield code="a">978-0-415-92394-1</subfield>
  </datafield>
  <datafield tag="082" ind1=" " ind2=" ">
    <subfield code="a">194</subfield>
    <subfield code="b">G793v</subfield>
  </datafield>
  <datafield tag="100" ind1=" " ind2=" ">
    <subfield code="a">Gray, John</subfield>
  </datafield>
  <datafield tag="245" ind1=" " ind2=" ">
    <subfield code="a">Voltaire.-</subfield>
  </datafield>
  <datafield tag="260" ind1=" " ind2=" ">
    <subfield code="a">New York:</subfield>
    <subfield code="b">Routledge,</subfield>
    <subfield code="c">1999</subfield>
  </datafield>
  <datafield tag="300" ind1=" " ind2=" ">
    <subfield code="b">54p.-</subfield>
  </datafield>
  <datafield tag="490" ind1=" " ind2=" ">
    <subfield code="a">Books in the great philosophers series</subfield>
  </datafield>
  <datafield tag="504" ind1=" " ind2=" ">
    <subfield code="a">Bibliography: p. 53-54</subfield>
  </datafield>
  <datafield tag="650" ind1=" " ind2=" ">
    <subfield code="a">Philosophy</subfield>
  </datafield>
  <datafield tag="650" ind1=" " ind2=" ">
    <subfield code="a">Biographies</subfield>
  </datafield>
  <datafield tag="650" ind1=" " ind2=" ">
    <subfield code="a">Philosophers</subfield>
    <subfield code="9">11464</subfield>
  </datafield>
  <datafield tag="942" ind1=" " ind2=" ">
    <subfield code="2">ddc</subfield>
    <subfield code="c">GEN</subfield>
  </datafield>
  <datafield tag="999" ind1=" " ind2=" ">
    <subfield code="c">84343</subfield>
    <subfield code="d">84332</subfield>
  </datafield>
  <datafield tag="952" ind1=" " ind2=" ">
    <subfield code="0">0</subfield>
    <subfield code="1">0</subfield>
    <subfield code="2">ddc</subfield>
    <subfield code="4">0</subfield>
    <subfield code="7">0</subfield>
    <subfield code="a">TUCL</subfield>
    <subfield code="b">TUCL</subfield>
    <subfield code="c">NB</subfield>
    <subfield code="d">2019-03-05</subfield>
    <subfield code="l">0</subfield>
    <subfield code="o">194 G793v</subfield>
    <subfield code="p">153673</subfield>
    <subfield code="r">2019-03-05 00:00:00</subfield>
    <subfield code="w">2019-03-05</subfield>
    <subfield code="y">GEN</subfield>
  </datafield>
  <datafield tag="952" ind1=" " ind2=" ">
    <subfield code="0">0</subfield>
    <subfield code="1">0</subfield>
    <subfield code="2">ddc</subfield>
    <subfield code="4">0</subfield>
    <subfield code="7">0</subfield>
    <subfield code="a">TUCL</subfield>
    <subfield code="b">TUCL</subfield>
    <subfield code="c">NB</subfield>
    <subfield code="d">2019-03-05</subfield>
    <subfield code="l">0</subfield>
    <subfield code="o">194 G793v</subfield>
    <subfield code="p">158215</subfield>
    <subfield code="r">2019-03-05 00:00:00</subfield>
    <subfield code="w">2019-03-05</subfield>
    <subfield code="y">GEN</subfield>
  </datafield>
  <datafield tag="952" ind1=" " ind2=" ">
    <subfield code="0">0</subfield>
    <subfield code="1">0</subfield>
    <subfield code="2">ddc</subfield>
    <subfield code="4">0</subfield>
    <subfield code="7">0</subfield>
    <subfield code="a">TUCL</subfield>
    <subfield code="b">TUCL</subfield>
    <subfield code="c">NB</subfield>
    <subfield code="d">2019-03-05</subfield>
    <subfield code="l">0</subfield>
    <subfield code="o">194 G793v</subfield>
    <subfield code="p">158216</subfield>
    <subfield code="r">2019-03-05 00:00:00</subfield>
    <subfield code="w">2019-03-05</subfield>
    <subfield code="y">GEN</subfield>
  </datafield>
</record>
